000 00835nam a2200277 i 4500
001 16507
003 ES-MaACL
005 20260427225925.0
007 t|
008 001013s1998 sp ||||1| spa d
020 _a84-89753-11-3
080 _a792.08
100 1 _aFo, Dario,
_d1926-2016
_9243030
245 1 0 _aManual mínimo del actor /
_cDario Fo ; nueva edición revisada por Franca Rame ; traducción: Carla Matteini.
260 _aHondarribia :
_bHiru,
_c[1998]
300 _a478 p. ;
_c20 cm.
490 1 _aSkene ;
_v13
650 1 7 _aArte dramático
_2embne
_910180
655 0 _aEnsayos
_9176636
700 1 _aRame, Franca.
_995076
700 1 _aMatteini, Carla.
_979113
830 0 _aSkene ;
_v13
_9228656
852 _aES-MaACL
_jL-23729
_bR.128749
942 _2udc
999 _c16507
_d16507